El príncipe feliz /
Guardado en:
| Autor Principal: | |
|---|---|
| Otros Autores: | , |
| Formato: | Libro |
| Idioma: | Undetermined |
| Publicado: |
Avellaneda :
Página/12,
2002.
|
| Series: | Los grandes para los chicos ;
1 |
| Materias: | |
| Etiquetas: |
Agregar Etiqueta
Sin Etiquetas, Sea el primero en etiquetar este registro!
|
| LEADER | 00779nam a22002415a 4500 | ||
|---|---|---|---|
| 001 | CEM.cems021212 | ||
| 008 | 240606s2002####xx############000#0#und#d | ||
| 005 | 20240606161456.0 | ||
| 245 | 1 | 0 | |a El príncipe feliz / |c Oscar Wilde ; prólogo por Liliana Viola ; ilustrado por Rep. |
| 260 | |a Avellaneda : |b Página/12, |c 2002. | ||
| 300 | |a 32 p. | ||
| 490 | 1 | |a Los grandes para los chicos ; |v 1 | |
| 500 | |a Incluye biografía del autor. | ||
| 020 | |a 9875033006 | ||
| 100 | 1 | |a Wilde, Oscar. | |
| 700 | 1 | |a Viola, Liliana; pról. | |
| 700 | 1 | |a Rep; il. | |
| 653 | |a Novela infantil | ||
| 653 | |a Literatura irlandesa | ||
| 653 | |a Literatura infantil | ||
| 653 | |a Literatura juvenil | ||
| 653 | |a Novela juvenil | ||
| 859 | |a CEMS |b BIB. CEMS - Inicial y Primaria |h 891.628 |i W644-4 |k IP |p 6038 |t Ej.1 | ||
